| 000 | 00559nam a2200205 a 4500 | ||
|---|---|---|---|
| 001 | 68277 | ||
| 003 | BD-RjUL | ||
| 005 | 20211209081742.0 | ||
| 008 | 170401s1957 enk||||| |||| 00| 0 eng d | ||
| 035 | _a(BD-RjUL)68487 | ||
| 040 |
_aBD-RjUL _beng _cBD-RjUL |
||
| 041 | _aeng | ||
| 082 |
_223 _a821.91 _bATA 1957 |
||
| 100 |
_aAtkins, John. _9202424 |
||
| 245 |
_aAldous Huxley : _ba literary study / _cJohn Atkins |
||
| 260 |
_aLondon : _bJohn calder, _cc1957. |
||
| 300 |
_a224 p. ; _c24 cm. |
||
| 650 |
_aHuxley, Aldous, 1894-1963 _9202425 |
||
| 942 |
_2ddc _cBK |
||
| 999 |
_c68277 _d68277 |
||